000 00208nam a22000857a 4500
008 161209b xxu||||| |||| 00| 0 eng d
100 _91959
_aCBSE
245 _aXam Idea Physics-XII
260 _aNew Delhi
_bAPPC
_c2008
999 _c4754
_d4754